000 00412nam a22001577a 4500
005 20250318103309.0
008 250318b |||||||| |||| 00| 0 eng d
020 _a03402721104
050 _aBV 4909 GRA
_b1
100 _aGRAHAM,Billy
245 _aThe Armageddon:
_bA perspective on suffering
260 _aLondon
_bHodder and Stoughton
_c1981c
300 _a224p
500 _aScrip. index
942 _2lcc
_cBK
_n0
999 _c4917
_d4917